222 câu hỏi và trả lời về Đảng và tiến hành đại hội Đảng các cấp
Các câu hỏi và giải đáp về Đảng Cộng sản Việt Nam: Tính chất vai trò, nhiệm vụ và sự phát triển; Tiến hành đại hội đảng bộ các cấp.
Saved in:
| Format: | Book |
|---|---|
| Language: | Undetermined |
| Published: |
Hà Nội
Chính trị Quốc gia
2005
|
| Subjects: | |
| Tags: |
Add Tag
No Tags, Be the first to tag this record!
|
| Institutions: | Trung tâm Học liệu Trường Đại học Cần Thơ |
|---|
| LEADER | 00783nam a2200193Ia 4500 | ||
|---|---|---|---|
| 001 | CTU_115588 | ||
| 008 | 210402s9999 xx 000 0 und d | ||
| 020 | |c 34000 | ||
| 082 | |a 324.2597075 | ||
| 082 | |b C125 | ||
| 245 | 0 | |a 222 câu hỏi và trả lời về Đảng và tiến hành đại hội Đảng các cấp | |
| 260 | |a Hà Nội | ||
| 260 | |b Chính trị Quốc gia | ||
| 260 | |c 2005 | ||
| 520 | |a Các câu hỏi và giải đáp về Đảng Cộng sản Việt Nam: Tính chất vai trò, nhiệm vụ và sự phát triển; Tiến hành đại hội đảng bộ các cấp. | ||
| 650 | |a Communist parties | ||
| 650 | |z Vietnam | ||
| 904 | |i Giang | ||
| 980 | |a Trung tâm Học liệu Trường Đại học Cần Thơ | ||